000 01056nam a2200289 4500
001 179105
003 ES-MaACL
005 20240209063124.0
008 110912s2009 sp l |||| | spa d
020 _a978-84-9890-083-5
080 _a342.4(460)"1931"
100 1 _aJuliá, Santos,
_d1940-2019
_967236
245 1 3 _aLa Constitución de 1931 /
_cSantos Juliá.
250 _a1ª ed.
260 _aMadrid :
_bIustel,
_c2009.
300 _a519 p. ;
_c25 cm.
490 1 _aLas constituciones españolas ;
_v8
504 _aBibliografía: p. [85]-86.
505 8 _aContiene: Estudios preliminares . Constitución de 1931 . Constitución de la República española de 9 de diciembre de 1931 . Documentos
610 1 4 _aEspaña.
_tConstitución, 1931.
_93656
630 0 4 _aConstitución, 1931.
_9120295
830 1 _aLas constituciones españolas ;
_v8
_9224400
852 4 _aES-MaACL
_9185977
_bR.146002
_jA-11493
_dOlim: N-4497
_cDEPO1
942 _2udc
_cMONOGRAFIA
999 _c179105
_d179105